| 000 | 00400nam a2200145Ia 4500 | ||
|---|---|---|---|
| 003 | GCL | ||
| 008 | 140319s9999 xx 000 0 ara d | ||
| 040 |
_aGCL / _cGCL |
||
| 082 | 0 | 4 |
_a811.9 _bا د |
| 100 | 1 | _aاحمد رامى | |
| 245 | 1 | 0 |
_aديوان احمد رامى / _cاحمد رامى |
| 260 |
_a[S.N] : _bدار العودة للصحافة والطباعه |
||
| 300 | _a488 ص | ||
| 490 | _a | ||
| 999 |
_c30899 _d30899 |
||